El chivo emisario
Guardat en:
| Autor principal: | |
|---|---|
| Format: | Llibre |
| Idioma: | espanyol |
| Publicat: |
Buenos Aires
Goyanarte
1954
|
| Matèries: | |
| Etiquetes: |
Afegir etiqueta
Sense etiquetes, Sigues el primer a etiquetar aquest registre!
|
MARC
| LEADER | 00000nam a2200000 a 4500 | ||
|---|---|---|---|
| 001 | UCZ1805 | ||
| 003 | CL-VaPUC | ||
| 008 | 950907e19540000AG |||||||||||||||||spa|d | ||
| 082 | 0 | 4 | |a 823 |b BRO |2 21 |
| 100 | 0 | |a Brooke, Jocelyn |e author |9 345433 | |
| 245 | 1 | 3 | |a El chivo emisario |
| 300 | |a 113 p | ||
| 942 | |c BK | ||
| 945 | |d 19950907 00:00:00 |a rbrito | ||
| 260 | |a Buenos Aires |b Goyanarte |c 1954 | ||
| 650 | 0 | |a Novelas inglesas |9 265220 | |
| 583 | |a last modification |c 19950907 00:00:00 |k Rodrigo Vera | ||
| 999 | |c 238505 |d 238503 | ||
| 952 | |0 0 |1 0 |4 0 |6 823_000000000000000_BRO_1954 |7 0 |8 A |9 248714 |a BIBEDU |b BIBEDU |d 2019-11-18 |i 3115402 |o 823 BRO 1954 |p 3115402 |r 2019-11-18 |w 2019-11-18 |y BK |k LIT | ||